000 00507nam a2200169Ia 4500
999 _c36034
_d36034
003 OSt
005 20201211102140.0
008 190216s9999||||xx |||||||||||||| ||und||
040 _coclc
082 _a307.720954
_bRAO/I
100 _aRao, P V
_97365
245 0 _aInstitutional Framework For Tribal Development /
_cP V Rao
260 _bInter India Publications ,
_c1986.
_aDelhi:
300 _a217p
650 _aHistory
942 _cREF
_2ddc
_h307.720954
_iRAO/I
_k307.720954
_mRAO/I